000 00616cam a2200217ua 4500
020 _c$13.95
041 _aeng
_h
082 _a004
_bTRE/IN
100 _aTremblay, Jean Paul .
245 _aIntroduction to computer science /
_cJean Paul Tremblay.
_hTextual Documents
250 _a2 /
_b.
260 _aNew York :
_bMcGraw Hill Book Company ,
_c1989.
300 _a805 ; .
365 _a$13.95
440 0 _aSchaum`s outline series in computer,
_v
_x;
490 0 _aSchaum`s outline series in computer,
_v
_x;
504 _a
700 1 _aBunt , Richard B .
942 _cBK
999 _c9777
_d9777